| 000 | 00442cam a22001575a 4500 | ||
|---|---|---|---|
| 001 | J100826 | ||
| 008 | 000000s1920 xxk 000 0 eng u | ||
| 035 | _a(Sirsi) u100826 | ||
| 110 |
_aSurveyors' Institution _93783 |
||
| 245 | 0 | 4 | _aThe increase of rent and mortgage interest (Restrictions) Act, 1920. Memorandum July 1920. |
| 260 | _c1920 | ||
| 300 | _a52p. | ||
| 651 | 4 |
_aUnited Kingdom _y |
|
| 690 | _aFinance and taxation | ||
| 942 | _n0 | ||
| 999 |
_c99860 _d99860 |
||